000 00870cab a2200253 4500
001 WB3126-33
008 090401t1995 xxu||||| |||| 00| 0 eng d
035 _a(Sirsi) u22407
041 _aeng
245 _aBuilding society cannot keep surplus
260 _c1995
350 _a0
490 _aTimes
_v4 July 1995, 21(1)
520 _a"Halifax Building Society v Thomas and another" CA 29 June 1995. Although the mortgagor had obtained a mortgage fraudulently, the mortgagee was not entitled to surplus proceeds made on the sale of the property after the mortgagor has fallen into arrears.
650 _aFRAUD
650 _aLAW OF PROPERTY ACT 1925 S105
650 _aMORTGAGE FRAUD
650 _aMORTGAGE LENDERS
650 _aMORTGAGES
650 _aREPOSSESSIONS
690 _aPROPERTY LAW AND PRACTICE-CASE LAW
942 _n0
948 _c04/03/1997
999 _c15010
_d15010